[Event "Arad Open"]
[Site "?"]
[Date "2013.08.05"]
[Round "?"]
[White "Dobre, Claudiu Cristian"]
[Black "Balog, Imre"]
[Result "1/2-1/2"]
[WhiteElo "2331"]
[BlackElo "2534"]
[PlyCount "161"]
[EventDate "2013.??.??"]

1. e4 e6 2. d4 d5 3. exd5 exd5 4. Bf4 Nf6 5. Nf3 Bd6 6. Bxd6 Qxd6 7. Qe2+ Be6
8. Nc3 O-O 9. O-O-O Bg4 10. Qe5 Nc6 11. Qxd6 cxd6 12. h3 Bxf3 13. gxf3 Ne7 14.
h4 g6 15. Bh3 Rfd8 16. Bg4 Rab8 17. Rhe1 Kf8 18. Re3 b5 19. a3 Nc6 20. Ne2 a5
21. Nf4 b4 22. a4 Rb7 23. Bh3 Rc7 24. Bf1 Ne7 25. Bd3 Rb8 26. Kb1 Rcc8 27. Rd2
Nc6 28. Ba6 Rc7 29. Rd1 Re7 30. Bb5 Na7 31. Ba6 Rb6 32. Bd3 Nc8 33. Rde1 Rb8
34. Ba6 Rxe3 35. fxe3 Nb6 36. b3 Ke7 37. Kc1 Rg8 38. Rg1 h6 39. Bb5 Na8 40. Bf1
Nc7 41. Bh3 g5 42. hxg5 hxg5 43. Ne2 Nfe8 44. c3 bxc3 45. Nxc3 Nf6 46. Bf5 Na6
47. Rh1 Nb4 48. Kd2 Ne8 49. Rh6 Nc7 50. Ke2 Rb8 51. Kd2 Nc6 52. Kc2 Re8 53. Kd2
Rg8 54. Kd3 Nb4+ 55. Kd2 Ne8 56. Ke2 Ng7 57. Bd3 Rb8 58. Bb1 Rd8 59. Kd2 Rf8
60. Bd3 Ne8 61. Bf5 Nf6 62. Ke2 Rb8 63. Kd2 Rg8 64. Ke2 g4 65. fxg4 Nxg4 66.
Bxg4 Rxg4 67. Kf2 Rg5 68. Rh8 Nd3+ 69. Kf1 Rf5+ 70. Ke2 Nb4 71. Ra8 Nc6 72. Ra6
Kd7 73. Rb6 Rh5 74. Kf3 Rh3+ 75. Kf4 Nxd4 76. Nxd5 Ne6+ 77. Kg4 Rh1 78. Nf6+
Ke7 79. Nd5+ Kd7 80. Nf6+ Ke7 81. Nd5+ 1/2-1/2

[Event "Arad Open"]
[Site "?"]
[Date "2013.08.06"]
[Round "?"]
[White "Dobre, Claudiu Cristian"]
[Black "Abramovic, Bosko"]
[Result "1/2-1/2"]
[WhiteElo "2331"]
[BlackElo "2429"]
[PlyCount "85"]
[EventDate "2013.??.??"]

1. c4 c5 2. Nf3 g6 3. d4 cxd4 4. Nxd4 Bg7 5. e4 d6 6. Nc3 Nf6 7. Be2 O-O 8. Be3
Nc6 9. Rc1 Bd7 10. O-O Nxd4 11. Bxd4 Bc6 12. Qd3 a5 13. Rfd1 Nd7 14. Bxg7 Kxg7
15. Qd4+ Kg8 16. Bg4 Nc5 17. e5 Qb6 18. Nd5 Bxd5 19. cxd5 a4 20. e6 f5 21. Be2
Rfc8 22. Rc2 Qd8 23. Rdc1 a3 24. b3 Ne4 25. Bf3 Nf6 26. h4 Rxc2 27. Rxc2 Rc8
28. Rc4 Rxc4 29. Qxc4 Qb6 30. b4 h6 31. g4 fxg4 32. Bxg4 Qa6 33. Qc8+ Kg7 34.
Qd8 Ng8 35. Qe8 Qd3 36. Qf7+ Kh8 37. h5 Qd4 38. hxg6 Qxg4+ 39. Kh2 Qh5+ 40. Kg1
Qg5+ 41. Kf1 Qc1+ 42. Kg2 Qg5+ 43. Kf1 1/2-1/2

[Event "Arad Open"]
[Site "?"]
[Date "2013.08.06"]
[Round "?"]
[White "Horvat, Dan Sebastian"]
[Black "Dobre, Claudiu Cristian"]
[Result "1/2-1/2"]
[WhiteElo "2209"]
[BlackElo "2331"]
[PlyCount "104"]
[EventDate "2013.??.??"]

1. e4 c6 2. Nc3 d5 3. Nf3 Bg4 4. h3 Bxf3 5. Qxf3 e6 6. d3 Bb4 7. Bd2 d4 8. Nb1
Qb6 9. Qg3 Nf6 10. b3 O-O 11. Qf4 c5 12. a3 Qa5 13. Be2 Nc6 14. O-O e5 15. Bxb4
cxb4 16. Qc1 Qc5 17. a4 a6 18. Nd2 Ne8 19. f4 exf4 20. Rxf4 Nd6 21. Kh1 Ne5 22.
Nc4 b5 23. Nxd6 Qxd6 24. Qd2 Rac8 25. axb5 axb5 26. Rff1 Ra8 27. Rxa8 Rxa8 28.
Bd1 Ra1 29. Kg1 Qc5 30. Qf2 Ra6 31. Qh4 f6 32. Qh5 g6 33. Qh4 Kg7 34. Qf2 h5
35. Qf4 Qd6 36. Qf2 Ra1 37. Qd2 Nc6 38. Qf2 Qe5 39. Qh4 Nd8 40. Qe1 Nc6 41. Qh4
Rb1 42. Qf2 Qd6 43. Kh1 Ne5 44. Kg1 Ra1 45. Qh4 Nd7 46. Qf2 Ne5 47. Qh4 Nf7 48.
Qf2 Ng5 49. Kh1 Nf7 50. Kg1 Ng5 51. Kh1 Nf7 52. Kg1 Ng5 1/2-1/2

[Event "Arad Open"]
[Site "?"]
[Date "2013.08.07"]
[Round "?"]
[White "Dobre, Claudiu Cristian"]
[Black "Bida, Mihai Eugen"]
[Result "1-0"]
[WhiteElo "2331"]
[BlackElo "2225"]
[PlyCount "72"]
[EventDate "2013.??.??"]

1. d4 Nf6 2. Nf3 c5 3. c4 cxd4 4. Nxd4 e5 5. Nb5 d5 6. cxd5 Bc5 7. N5c3 O-O 8.
e3 e4 9. Nd2 Qe7 10. Be2 Rd8 11. O-O Bf5 12. Nc4 b5 13. Nxb5 Rxd5 14. Nd4 Qd7
15. Qb3 Bxd4 16. exd4 Nc6 17. Ne5 Nxe5 18. dxe5 Rxe5 19. Bf4 Be6 20. Qg3 Nh5
21. Bxh5 Rxh5 22. Be5 f6 23. Bxf6 Rh6 24. Be5 Rg6 25. Qe3 Qb5 26. Bg3 Bc4 27.
Rfc1 Bd3 28. b3 Rc6 29. Rxc6 Qxc6 30. Rc1 Qa6 31. Qc5 Rf8 32. Bd6 Rd8 33. Qd5+
Kh8 34. Qe5 Rc8 35. Rc7 Rg8 36. Rxg7 Rc8 1-0

[Event "Arad Open"]
[Site "?"]
[Date "2013.08.09"]
[Round "?"]
[White "Dobre, Claudiu Cristian"]
[Black "Horvath, Zsolt"]
[Result "1-0"]
[WhiteElo "2331"]
[BlackElo "2397"]
[PlyCount "72"]
[EventDate "2013.??.??"]

1. d4 c5 2. dxc5 Na6 3. g3 Nxc5 4. Bg2 Nf6 5. Nf3 g6 6. O-O Bg7 7. c4 O-O 8.
Nc3 d6 9. Nd4 a5 10. h3 Bd7 11. Be3 a4 12. Qd2 Qa5 13. Rfd1 Qb4 14. g4 Rfe8 15.
g5 Nh5 16. Nd5 Qxd2 17. Rxd2 Rab8 18. Nb6 f5 19. Nxd7 Nxd7 20. Ne6 f4 21. Ba7
Ra8 22. Bd4 Bxd4 23. Rxd4 Rab8 24. Nxf4 e5 25. Rxd6 Nxf4 26. Rxd7 Nxe2+ 27. Kf1
Nf4 28. Bxb7 Nxh3 29. Rad1 Nxg5 30. b4 axb3 31. axb3 Kh8 32. R1d5 Nf3 33. c5
Nd4 34. b4 g5 35. Rf7 h6 36. Rdd7 Ra8 1-0

[Event "Romanian Championship"]
[Site "?"]
[Date "2013.02.20"]
[Round "?"]
[White "Nevednichy, Vladislav"]
[Black "Dobre, Claudiu Cristian"]
[Result "1-0"]
[WhiteElo "2542"]
[BlackElo "2292"]
[PlyCount "93"]
[EventDate "2013.??.??"]

1. e4 c6 2. d4 d5 3. e5 c5 4. c4 cxd4 5. Qxd4 e6 6. cxd5 Nc6 7. Bb5 Qxd5 8.
Qxd5 exd5 9. Nf3 Nge7 10. Nc3 Bg4 11. O-O Bxf3 12. gxf3 O-O-O 13. f4 Nd4 14.
Bd3 Nec6 15. Rd1 g6 16. Bf1 Bb4 17. Rb1 Kc7 18. a3 Bxc3 19. bxc3 Nf5 20. Bg2 d4
21. cxd4 Rxd4 22. Rxd4 Nfxd4 23. Be3 Rd8 24. Kf1 Rd7 25. Be4 Nf5 26. Ke1 Nxe3
27. fxe3 Kd8 28. Ke2 Ke7 29. h4 h5 30. a4 Rc7 31. Bxc6 bxc6 32. a5 c5 33. a6
Kd7 34. Kd3 Kc6 35. Kc4 Rd7 36. Rb5 Rd1 37. Rb7 Rc1+ 38. Kd3 Rd1+ 39. Kc2 Re1
40. Kd2 Ra1 41. Rxf7 Kb6 42. e6 Ra4 43. Rf6 Kc7 44. Rxg6 Rxa6 45. f5 Ra2+ 46.
Kd3 Kd6 47. Rg7 1-0

[Event "Campionatul National pe echipe 2012 - S"]
[Site "Constanta-Mamaia"]
[Date "2012.09.22"]
[Round "1.4"]
[White "Parligras, Mircea Emilian"]
[Black "Dobre, Claudiu Cristian"]
[Result "1-0"]
[WhiteElo "2618"]
[BlackElo "2315"]
[PlyCount "53"]
[EventDate "2012.09.22"]
[EventType "team"]
[EventRounds "9"]
[WhiteTeam "CS AEM Luxten Timisoara"]
[BlackTeam "CSU Ploiesti"]

1. d4 d5 2. c4 c6 3. Nc3 Nf6 4. e3 e6 5. Nf3 Nbd7 6. Bd3 dxc4 7. Bxc4 b5 8. Bd3
a6 9. e4 c5 10. d5 c4 11. Bc2 Bb7 12. O-O Qb6 13. dxe6 Qxe6 14. e5 Nd5 15. Ng5
Nxc3 16. bxc3 Qd5 17. Qxd5 Bxd5 18. Rd1 Bc6 19. e6 Ne5 20. exf7+ Nxf7 21. Re1+
Be7 22. Ba3 Ra7 23. Bxe7 Rxe7 24. Rxe7+ Kxe7 25. Re1+ Kf8 26. Ne6+ Ke7 27. Nd4+
1-0

[Event "Campionatul National pe echipe 2012 - S"]
[Site "Constanta-Mamaia"]
[Date "2012.09.25"]
[Round "4.5"]
[White "Dobre, Claudiu Cristian"]
[Black "Ungureanu, Vlad"]
[Result "0-1"]
[WhiteElo "2315"]
[BlackElo "2372"]
[PlyCount "112"]
[EventDate "2012.09.22"]
[EventType "team"]
[EventRounds "9"]
[WhiteTeam "CSU Ploiesti"]
[BlackTeam "CS Politehnica Iasi"]

1. d4 Nf6 2. Nf3 g6 3. c4 Bg7 4. Nc3 O-O 5. e4 d6 6. Be2 Nbd7 7. O-O e5 8. Qc2
Nh5 9. Bg5 Bf6 10. Be3 c6 11. dxe5 dxe5 12. c5 Nf4 13. Bc4 Qe7 14. Ne2 Nxe2+
15. Bxe2 Re8 16. Nd2 Bg5 17. Bxg5 Qxg5 18. Nc4 Nf8 19. Nd6 Re7 20. Bc4 Be6 21.
Rad1 Bxc4 22. Qxc4 Ne6 23. Kh1 h5 24. b4 h4 25. Qc3 Nf4 26. g3 Ne6 27. Nc4 hxg3
28. fxg3 f6 29. Rd6 Kg7 30. Qe3 Qh5 31. Qd3 Rae8 32. Rd7 Nd4 33. Nd6 Qh8 34.
Nxe8+ Qxe8 35. Rd6 Re6 36. Rxd4 exd4 37. Qxd4 Qe7 38. Rf4 g5 39. Rg4 Re5 40.
Qd6 Kg6 41. h4 Qxd6 42. cxd6 Kf7 43. h5 Ke6 44. h6 Kxd6 45. Kg2 Re7 46. e5+
Kxe5 47. Kf3 Kf5 48. Rd4 Kg6 49. Rd6 Rh7 50. a4 Rxh6 51. b5 cxb5 52. axb5 Rh7
53. b6 a6 54. Rd8 Re7 55. Rb8 Kf5 56. g4+ Ke5 0-1

[Event "Campionatul National pe echipe 2012 - S"]
[Site "Constanta-Mamaia"]
[Date "2012.09.29"]
[Round "8.5"]
[White "Dobre, Claudiu Cristian"]
[Black "Dragomirescu Grigorieva, Angela"]
[Result "1/2-1/2"]
[WhiteElo "2315"]
[BlackElo "2270"]
[PlyCount "139"]
[EventDate "2012.09.22"]
[EventType "team"]
[EventRounds "9"]
[WhiteTeam "CSU Ploiesti"]
[BlackTeam "Sah Club Cugir"]

1. Nf3 d5 2. d4 Nf6 3. c4 c6 4. Nbd2 a6 5. e3 b5 6. cxd5 cxd5 7. a4 b4 8. a5 e6
9. Bd3 Bb7 10. Ne5 Bd6 11. f4 O-O 12. O-O Nc6 13. Nb3 Ne4 14. Qe2 Ne7 15. Bd2
f6 16. Nf3 Qd7 17. Rfc1 Rfc8 18. Rxc8+ Bxc8 19. Be1 Bb7 20. Nfd2 f5 21. Nf3 Nc6
22. Bd2 Qd8 23. Ne5 Nxe5 24. fxe5 Bf8 25. Qe1 Qg5 26. Rc1 Rc8 27. Rxc8 Bxc8 28.
Qe2 g6 29. Bc1 Qh4 30. Nd2 Bh6 31. Nf3 Qd8 32. Qc2 Bb7 33. Qa4 Qc8 34. Qd1 Qc7
35. Kf1 Qxa5 36. Qc2 Bf8 37. Ke2 Be7 38. Bd2 Kf7 39. Be1 h6 40. Nd2 Qb6 41. Qa4
Nxd2 42. Bxd2 a5 43. Qb5 Qc7 44. b3 Bc6 45. Qa6 Bd8 46. Kd1 Qb6 47. Qxb6 Bxb6
48. g3 Ke7 49. Be1 Be8 50. Be2 Kd8 51. Kc2 Kc8 52. Bf2 Kb7 53. Kb2 Bd8 54. h4
Kb6 55. Bg1 a4 56. Bf2 Ka5 57. Be1 Be7 58. Bf2 axb3 59. Be1 Ba4 60. Bf2 Be8 61.
Be1 g5 62. Bf2 g4 63. Be1 Ba4 64. Bd3 Bd8 65. Bf2 Bb6 66. Be2 Bb5 67. Bxb5 Kxb5
68. Kxb3 Bd8 69. h5 Bg5 70. Bg1 1/2-1/2

[Event "Campionatul National pe echipe 2012 - S"]
[Site "Constanta-Mamaia"]
[Date "2012.09.30"]
[Round "9.5"]
[White "Doncea, Vladimir"]
[Black "Dobre, Claudiu Cristian"]
[Result "1-0"]
[WhiteElo "2404"]
[BlackElo "2315"]
[PlyCount "159"]
[EventDate "2012.09.22"]
[EventType "team"]
[EventRounds "9"]
[WhiteTeam "ACS Sah Apa Nova Bucuresti"]
[BlackTeam "CSU Ploiesti"]

1. d4 d5 2. c4 c6 3. Nf3 Nf6 4. e3 Bg4 5. h3 Bxf3 6. Qxf3 e6 7. Bd3 Bb4+ 8. Nd2
Nbd7 9. O-O O-O 10. a3 Ba5 11. Rd1 Re8 12. b4 Bc7 13. Bb2 Qe7 14. e4 e5 15.
cxd5 cxd5 16. Bb5 a6 17. Bxd7 Qxd7 18. dxe5 Bxe5 19. Bxe5 Rxe5 20. Nc4 Ree8 21.
Nb6 dxe4 22. Qb3 Qe7 23. Nxa8 Rxa8 24. Rac1 Re8 25. Qc3 Qe6 26. Qc4 Qf5 27. Qc5
Qe6 28. Qc4 Qf5 29. Qc7 h6 30. Qxb7 e3 31. fxe3 Qg5 32. Rc8 Qxe3+ 33. Kh1 Kh7
34. Rxe8 Qxe8 35. Rf1 Ne4 36. Rxf7 Nf2+ 37. Kh2 Qe5+ 38. g3 Ne4 39. Rxg7+ Qxg7
40. Qxe4+ Kh8 41. Qa8+ Kh7 42. Qxa6 Qb2+ 43. Kg1 Qd4+ 44. Kf1 Qd1+ 45. Kf2 Qd4+
46. Kf3 Qd5+ 47. Ke3 Qe5+ 48. Kd2 Qb2+ 49. Kd3 Qb1+ 50. Kd4 Qg1+ 51. Kd5 Qg2+
52. Kc5 Qf2+ 53. Kb5 Qf5+ 54. Kb6 Qf2+ 55. Ka5 Qxg3 56. Qb7+ Kg6 57. Qc6+ Kg5
58. Qc1+ Kg6 59. b5 Qxh3 60. a4 Qf5 61. Kb6 h5 62. a5 h4 63. a6 h3 64. Qc6+ Kg7
65. Qc7+ Kg6 66. Qg3+ Kh5 67. a7 Qe6+ 68. Kb7 Qd5+ 69. Kb6 Qd4+ 70. Kc6 Qc4+
71. Kd6 Qd4+ 72. Ke6 Qxa7 73. Qxh3+ Kg5 74. Qg3+ Kh5 75. Qd6 Kg4 76. b6 Qa4 77.
Qd7 Qb4 78. b7 Kf3 79. Qd5+ Kg3 80. Qe5+ 1-0

[Event "13th EICC"]
[Site "Plovdiv BUL"]
[Date "2012.03.22"]
[Round "3.101"]
[White "Popov, Valerij"]
[Black "Dobre, Claudiu Cristian"]
[Result "1-0"]
[WhiteElo "2546"]
[BlackElo "2334"]
[PlyCount "115"]
[EventDate "2012.03.20"]
[EventType "swiss"]

1. e4 c6 2. Nc3 d5 3. Nf3 Bg4 4. h3 Bxf3 5. Qxf3 Nf6 6. d3 e6 7. a3 Be7 8. g3
O-O 9. Bg2 Nbd7 10. O-O d4 11. Nb1 e5 12. Qe2 Ne8 13. f4 Nd6 14. Nd2 exf4 15.
gxf4 f5 16. b4 a5 17. bxa5 Rxa5 18. a4 Nb5 19. Bb2 Nc3 20. Bxc3 dxc3 21. Nc4
Ra8 22. exf5 Nc5 23. Qe5 Bf6 24. Qd6 Bd4+ 25. Kh1 Rxf5 26. a5 Rf6 27. Qxd8+
Rxd8 28. Ne5 Rdf8 29. a6 bxa6 30. Nxc6 Be3 31. f5 Rd6 32. d4 Nd7 33. Rxa6 Kh8
34. Ra3 Bd2 35. Ra5 Nb6 36. Rc5 g6 37. Be4 Nd7 38. Rb5 gxf5 39. Rbxf5 Rxf5 40.
Rxf5 Nf6 41. Bf3 Kg7 42. Kg2 Be3 43. Rc5 Bxd4 44. Nxd4 Rxd4 45. Rxc3 Kg6 46.
Kf2 Kg5 47. Ke3 Ra4 48. Rc5+ Kh4 49. Rf5 Ra6 50. c4 Kxh3 51. Kf4 h5 52. Bxh5
Ra4 53. Be2 Nd7 54. Rb5 Kg2 55. Rb2 Nc5 56. Bf3+ Kf1 57. Kg3 Nd3 58. Be2+ 1-0

[Event "13th EICC"]
[Site "Plovdiv BUL"]
[Date "2012.03.23"]
[Round "4.116"]
[White "Dobre, Claudiu Cristian"]
[Black "Smeets, Jan"]
[Result "0-1"]
[WhiteElo "2334"]
[BlackElo "2610"]
[PlyCount "120"]
[EventDate "2012.03.20"]
[EventType "swiss"]

1. d4 d5 2. Nf3 c6 3. c4 e6 4. Nbd2 Nf6 5. g3 Nbd7 6. Bg2 Be7 7. O-O b6 8. b3
Bb7 9. Bb2 O-O 10. Rc1 a5 11. a3 Bd6 12. Rc2 Qe7 13. Qa1 c5 14. a4 Rab8 15. Rd1
Rfc8 16. Ne5 cxd4 17. Bxd4 Nxe5 18. Bxe5 Bxe5 19. Qxe5 Ba6 20. cxd5 Nd7 21.
Rxc8+ Rxc8 22. Qe3 Qc5 23. dxe6 Qxe3 24. exf7+ Kxf7 25. fxe3 Bxe2 26. Re1 Ba6
27. Bd5+ Ke7 28. Nc4 Bxc4 29. Bxc4 Ne5 30. Bd5 Rc2 31. Be4 Rb2 32. Bd5 Rd2 33.
Be4 Rb2 34. Bd5 h6 35. h3 Rd2 36. Be4 Rb2 37. Bd5 Rd2 38. Be4 Nd7 39. Rb1 Re2
40. b4 Rxe3 41. Bg2 Rxg3 42. bxa5 bxa5 43. Rb5 Rg5 44. Rxg5 hxg5 45. Kf2 Kd6
46. Bf1 Nb6 47. Bb5 Kc5 48. Kg3 Kb4 49. Kg4 Nxa4 50. Be8 Nc3 51. Kxg5 Nb5 52.
Kg6 a4 53. Kxg7 a3 54. Bf7 Nd4 55. Ba2 Kc3 56. Kg8 Kb2 57. Bf7 Nb3 58. h4 a2
59. h5 a1=Q 60. h6 Qg1+ 0-1

[Event "13th EICC"]
[Site "Plovdiv BUL"]
[Date "2012.03.24"]
[Round "5.149"]
[White "Hristodorescu, Daniel"]
[Black "Dobre, Claudiu Cristian"]
[Result "1-0"]
[WhiteElo "2212"]
[BlackElo "2334"]
[PlyCount "163"]
[EventDate "2012.03.20"]
[EventType "swiss"]

1. e4 c6 2. Nc3 d5 3. Nf3 Bg4 4. h3 Bxf3 5. Qxf3 e6 6. g3 Nf6 7. a3 dxe4 8.
Nxe4 Nxe4 9. Qxe4 Qd5 10. Bg2 Nd7 11. O-O Qxe4 12. Bxe4 Nc5 13. Bg2 O-O-O 14.
d3 Na4 15. Bg5 Rd7 16. Rfe1 Bc5 17. Rab1 h6 18. Bf4 Rhd8 19. Be5 f6 20. b4 Bb6
21. Ba1 e5 22. Be4 Rc7 23. Rbc1 Kb8 24. Bf5 c5 25. c4 a6 26. h4 cxb4 27. axb4
a5 28. bxa5 Bxa5 29. Re2 Nc5 30. Ra2 Bb6 31. Rb1 Rc6 32. Ra3 Kc7 33. Bc3 Rcd6
34. Bb4 Rc6 35. Bd2 Rcd6 36. Be3 Rc6 37. Rb5 g5 38. h5 Rb8 39. Kg2 Na6 40. Be4
Bxe3 41. fxe3 Rb6 42. Rxb6 Kxb6 43. d4 Nb4 44. Kf3 exd4 45. exd4 Rd8 46. Ke3
Re8 47. Kf3 Rd8 48. Ra4 Nc6 49. Bxc6 bxc6 50. Ke4 f5+ 51. Ke5 f4 52. gxf4 gxf4
53. Ra3 Rg8 54. Rf3 Ka5 55. Rxf4 Kb4 56. Kd6 Rd8+ 57. Kc7 Ra8 58. Kxc6 Rc8+ 59.
Kd5 Rd8+ 60. Kc6 Rc8+ 61. Kd6 Rxc4 62. Kd5 Rc8 63. Rf6 Rh8 64. Ke5 Kc4 65. d5
Kc5 66. Rc6+ Kb5 67. Re6 Kc5 68. Re7 Rc8 69. d6 Kb6 70. Ke6 Kc6 71. Rh7 Re8+
72. Kf7 Kd7 73. Rxh6 Re5 74. Rh8 Kxd6 75. h6 Re7+ 76. Kf6 Re6+ 77. Kf5 Re5+ 78.
Kf4 Re7 79. Rd8+ Kc6 80. Rc8+ Kb7 81. Rh8 Re2 82. h7 1-0

[Event "13th EICC"]
[Site "Plovdiv BUL"]
[Date "2012.03.25"]
[Round "6.156"]
[White "Dobre, Claudiu Cristian"]
[Black "Blaushtain, Boris"]
[Result "1-0"]
[WhiteElo "2334"]
[BlackElo "2105"]
[PlyCount "51"]
[EventDate "2012.03.20"]
[EventType "swiss"]

1. d4 Nf6 2. Nf3 e6 3. c4 d5 4. Nc3 c6 5. g3 Bd6 6. Bg2 O-O 7. O-O Nbd7 8. Qc2
dxc4 9. Nd2 e5 10. Nxc4 Bc7 11. d5 cxd5 12. Nxd5 Nxd5 13. Bxd5 Nb6 14. Nxb6
Bxb6 15. Qb3 Kh8 16. Rd1 Qf6 17. Be3 Bxe3 18. Qxe3 Be6 19. Bxb7 Rab8 20. Be4
Rxb2 21. Qa3 Rfb8 22. Qxa7 g6 23. a4 R8b5 24. Rab1 Bc4 25. Rxb2 Rxb2 26. Qc5
1-0

[Event "XIII Camp. europeo assoluto"]
[Site "Plovdiv BUL"]
[Date "2012.03.27"]
[Round "7.151"]
[White "Pogosian, Vladimir"]
[Black "Dobre, Claudiu Cristian"]
[Result "1/2-1/2"]
[WhiteElo "2153"]
[BlackElo "2334"]
[PlyCount "234"]
[EventDate "2012.03.20"]

1. f4 d5 2. Nf3 Bg4 3. c4 Bxf3 4. gxf3 e6 5. Qb3 b6 6. cxd5 exd5 7. Nc3 c6 8.
Bg2 Qh4+ 9. Kf1 Nf6 10. d4 Bd6 11. e3 O-O 12. Bd2 Re8 13. Ne2 c5 14. Ng3 g6 15.
dxc5 Bxc5 16. Qd3 Nc6 17. a3 a5 18. Re1 a4 19. Re2 Na5 20. Be1 Qh6 21. Bc3 Nh5
22. Bxa5 Rxa5 23. Nxh5 Qxh5 24. e4 dxe4 25. fxe4 Raa8 26. Qh3 Qxh3 27. Bxh3
Rad8 28. Kg2 Rd3 29. Rhe1 Red8 30. f5 Rd2 31. fxg6 hxg6 32. e5 Be7 33. Kf1 R2d3
34. e6 f5 35. Bg2 R8d6 36. Bb7 Kg7 37. Ba6 R3d4 38. Bb5 Kf6 39. Kf2 Rh4 40. Kg2
Rdd4 41. h3 Rh8 42. Rc1 Rdh4 43. Rc3 g5 44. Bc6 Rg8 45. Kf2 Rc8 46. Ke1 b5 47.
Bxb5 Rxc3 48. bxc3 Rxh3 49. Kd2 Bxa3 50. Bxa4 g4 51. Bc6 Bd6 52. c4 f4 53. Re4
Ke7 54. c5 Bxc5 55. Rc4 Bd6 56. Bd5 Rh5 57. Bb7 Rb5 58. Bc6 Rb2+ 59. Rc2 Rb8
60. Bd5 f3 61. Ke3 Rf8 62. Ra2 Bc5+ 63. Ke4 f2 64. Bc4 f1=Q 65. Bxf1 Rxf1 66.
Rg2 Kxe6 67. Rxg4 Re1+ 68. Kd3 Kd5 69. Rg5+ Kc6 70. Rh5 Kb5 71. Rh4 Re3+ 72.
Kd2 Rg3 73. Ke2 Bd6 74. Kf2 Ra3 75. Ke2 Kc5 76. Re4 Kd5 77. Re3 Ra2+ 78. Kf3
Bc5 79. Re2 Ra3+ 80. Kg4 Bd4 81. Re8 Be5 82. Rd8+ Ke4 83. Rd1 Rg3+ 84. Kh4 Kf5
85. Rf1+ Bf4 86. Rb1 Rg2 87. Rb5+ Be5 88. Rb3 Rh2+ 89. Rh3 Rb2 90. Ra3 Rc2 91.
Rf3+ Bf4 92. Rb3 Ra2 93. Rb5+ Be5 94. Rb3 Ra8 95. Kh3 Rg8 96. Ra3 Rg7 97. Rb3
Bf4 98. Rb5+ Ke4 99. Rb3 Be3 100. Kh4 Bc5 101. Kh5 Rg1 102. Rb5 Be7 103. Rb2
Bd6 104. Rb5 Kf4 105. Rb6 Kf5 106. Kh6 Be5 107. Kh7 Rg7+ 108. Kh6 Rg8 109. Kh5
Rh8+ 110. Rh6 Ra8 111. Rb6 Ra2 112. Rb4 Ra6 113. Rb5 Rc6 114. Ra5 Rb6 115. Ra4
Rb2 116. Rc4 Rg2 117. Ra4 Rg5+ 1/2-1/2

[Event "XIII Camp. europeo assoluto"]
[Site "Plovdiv BUL"]
[Date "2012.03.28"]
[Round "8.150"]
[White "Dobre, Claudiu Cristian"]
[Black "Mogilarov, Dimitar"]
[Result "1-0"]
[WhiteElo "2334"]
[BlackElo "2147"]
[PlyCount "75"]
[EventDate "2012.03.20"]

1. Nf3 Nf6 2. b3 d5 3. Bb2 c5 4. e3 Nc6 5. Be2 Qc7 6. d4 cxd4 7. Nxd4 e5 8.
Nxc6 bxc6 9. O-O Bd6 10. c4 O-O 11. cxd5 cxd5 12. Nc3 Qa5 13. Nb5 Bb8 14. Ba3
Re8 15. Bd6 Be6 16. Rc1 Ne4 17. b4 Qxa2 18. Rc2 Qb3 19. Rc8 Rxc8 20. Qxb3 Nxd6
21. Qa4 Nxb5 22. Bxb5 Bd6 23. Bc6 Rab8 24. b5 Bc5 25. Rc1 Bb6 26. Qa3 Rd8 27.
Rd1 d4 28. exd4 Bxd4 29. Qf3 Rd6 30. h3 Rbd8 31. Kh2 f5 32. Qa3 e4 33. g3 g5
34. Rxd4 Rxd4 35. Qe7 Bf7 36. Qxg5+ Bg6 37. h4 Rd2 38. Kh3 1-0

[Event "XIII Camp. europeo assoluto"]
[Site "Plovdiv BUL"]
[Date "2012.03.31"]
[Round "11.96"]
[White "Gallagher, Joseph G"]
[Black "Dobre, Claudiu Cristian"]
[Result "1/2-1/2"]
[WhiteElo "2502"]
[BlackElo "2334"]
[PlyCount "135"]
[EventDate "2012.03.20"]

1. e4 c6 2. d4 d5 3. Nc3 dxe4 4. Nxe4 Bf5 5. Ng3 Bg6 6. Nf3 Nd7 7. Bc4 Ngf6 8.
O-O e6 9. Re1 Be7 10. Nh4 Nb6 11. Bb3 c5 12. dxc5 Qxd1 13. Rxd1 Bxc5 14. Bg5
Ng4 15. Rd2 Be7 16. Bxe7 Kxe7 17. Rd4 Ne5 18. Re1 Nc6 19. Rf4 Rhd8 20. Nxg6+
hxg6 21. c3 Nd5 22. Rfe4 Nf6 23. R4e2 Na5 24. Bc2 Nc4 25. Ne4 Nxe4 26. Bxe4 Nd2
27. Bc2 Rac8 28. f4 Rc6 29. Kf2 Nc4 30. Be4 Rb6 31. b3 Nd6 32. Bf3 Nb5 33. Rc2
Rc8 34. Rec1 a5 35. c4 Nd4 36. c5 Rb4 37. Rc4 Rxc4 38. Rxc4 Nxf3 39. Kxf3 Kd7
40. a3 Kc6 41. Rd4 Rc7 42. b4 axb4 43. axb4 Kb5 44. Ke4 f6 45. Kd3 e5 46. fxe5
fxe5 47. Re4 Re7 48. Rg4 e4+ 49. Rxe4 Rxe4 50. Kxe4 Kxb4 51. Kd5 g5 52. g4 Kc3
53. Kd6 Kc4 54. h3 Kd4 55. c6 bxc6 56. Kxc6 Ke5 57. Kd7 Kf4 58. Ke6 Kg3 59. Kf5
Kxh3 60. Kxg5 g6 61. Kf4 Kh4 62. g5 Kh5 63. Kf3 Kxg5 64. Kg3 Kh5 65. Kh3 g5 66.
Kg3 g4 67. Kg2 g3 68. Kxg3 1/2-1/2

[Event "Memorial Butnariu"]
[Site "?"]
[Date "2012.11.24"]
[Round "4"]
[White "Anuta, Laurentiu "]
[Black "Dobre, Claudiu Cristian"]
[Result "0-1"]
[WhiteElo "2047"]
[BlackElo "2300"]
[Annotator "Anuta Laurentiu"]
[PlyCount "112"]
[EventDate "2012.??.??"]

1. Nf3 f5 2. b3 d6 3. d4 Nf6 4. Bb2 g6 5. e3 Bg7 6. Bc4 e6 7. Nbd2 O-O 8. O-O
Kh8 9. Ng5 Qe8 10. f4 h6 11. Nh3 Ng4 12. Qf3 Nc6 13. Nf2 e5 14. Bb5 $2 (14.
fxe5 $14) 14... exf4 (14... Nxd4 $1 $11 15. exd4 Qxb5 16. fxe5 Be6 17. a4 Qd7
18. d5 Nxe5 19. Bxe5 dxe5 20. dxe6 Qxd2 $15) 15. exf4 Qe3 (15... Nxd4 $1 $11)
16. Bxc6 Qxd2 17. Bxb7 $2 (17. Bc3 $1 $11) 17... Bxb7 18. Qxb7 Qxc2 $15 19. Nd1
c5 $2 (19... Qd2 20. Kh1 (20. Qxc7 $4 Bxd4+ $19) 20... Rae8 21. Bc3 Qe2 22. Qf3
Nf6 23. Qxe2 Rxe2 $15) 20. h3 $11 Ne3 $2 21. Rc1 $2 (21. Rf2 $1 $14) 21... Qe2
22. Nxe3 Qxe3+ (22... Qxb2 $1 23. Nc4 Qxa2 24. dxc5 dxc5 25. Rfd1 $11) 23. Kh1
Rae8 24. Rcd1 $2 (24. Ba1 $1 $11) 24... c4 $2 (24... Qe4 $1) 25. Bc1 (25. Ba3
$1 $14) 25... Qe2 26. bxc4 (26. Ba3 $1) 26... Qxc4 27. Qb3 $6 (27. Ba3) 27...
Qxb3 28. axb3 d5 29. Ba3 Rf6 30. Bc5 a6 $11 31. Rfe1 Re4 32. Rf1 $6 (32. g3)
32... Rfe6 33. Kg1 $2 (33. b4 $11) 33... h5 $15 34. Ba7 $6 (34. Rd3) 34... h4
35. Rd3 Rc6 36. Bc5 Bh6 37. Rdf3 a5 38. Kh2 Kg8 39. g3 $6 (39. R1f2) 39...
hxg3+ 40. Kxg3 Bf8 $2 (40... Bg7) 41. Rc1 $2 (41. Bxf8 $11) 41... Rxd4 42. Bxd4
$6 (42. Rfc3 $15) 42... Rxc1 43. Rd3 Rb1 44. Be5 Kf7 45. Bc7 $2 (45. Kg2 Bb4
46. Rxd5 $15) 45... Bb4 $17 46. Kf3 Ke6 47. Be5 $6 (47. Kf2) 47... Bd6 $19 48.
Bxd6 Kxd6 49. Ke3 Kc5 50. Kd2 Rb2+ 51. Kc3 Rg2 52. b4+ axb4+ 53. Kb3 d4 54. Rf3
Kd5 55. Rf1 Ke4 56. Kxb4 Rc2 0-1

[Event "2nd SPI Open"]
[Site "Satu Mare ROU"]
[Date "2011.07.16"]
[Round "3"]
[White "Todosiciuc, Ioan"]
[Black "Dobre, Claudiu Cristian"]
[Result "0-1"]
[WhiteElo "1958"]
[BlackElo "2353"]
[PlyCount "70"]
[EventDate "2011.07.15"]

1. e4 c6 2. d4 d5 3. e5 Bf5 4. Bd3 Bxd3 5. Qxd3 e6 6. a3 Ne7 7. Ne2 Nd7 8. b4
a5 9. Bd2 axb4 10. Bxb4 c5 11. Bxc5 Nxc5 12. dxc5 Nc6 13. Qb5 Qd7 14. Nf4 Ra5
15. Qe2 Bxc5 16. Nd3 Nd4 17. Qd2 Qa4 18. O-O O-O 19. Ra2 Rc8 20. Nxc5 Raxc5 21.
c3 Nc6 22. Rb2 Nxe5 23. Rxb7 Rb5 24. Rxb5 Qxb5 25. h3 Nc4 26. Qa2 Ra8 27. Rd1
h6 28. Rd4 Qa4 29. Kh2 Qa7 30. Rf4 Rb8 31. Qa1 Rb2 32. a4 Qb8 33. g3 Rxb1 34.
Qa2 Rb2 35. Qa1 g5 0-1

[Event "2nd SPI Open"]
[Site "Satu Mare ROU"]
[Date "2011.07.19"]
[Round "6"]
[White "Dobre, Claudiu Cristian"]
[Black "Bogdan , Dan"]
[Result "1/2-1/2"]
[WhiteElo "2353"]
[BlackElo "2362"]
[PlyCount "34"]
[EventDate "2011.07.15"]

1. d4 c5 2. d5 e5 3. e4 d6 4. Bb5+ Nd7 5. a4 g6 6. Nf3 Bg7 7. Nc3 Ne7 8. Nd2
O-O 9. a5 f5 10. a6 Nf6 11. axb7 Bxb7 12. Ba6 Rb8 13. Bxb7 Rxb7 14. Nc4 Nc8 15.
Bg5 Qe8 16. Bxf6 Rxf6 17. b3 Bf8 1/2-1/2